Eastern Utah Libraries Catalog: Duchesne, Heber, Roosevelt, & Vernal

Odder : (Record no. 407130)

MARC details
000 -LEADER
fixed length control field 01680nam a2200325 i 4500
001 - CONTROL NUMBER
control field in902958010
003 - CONTROL NUMBER IDENTIFIER
control field Ingram
005 - DATE AND TIME OF LATEST TRANSACTION
control field 20250418092525.0
008 - FIXED-LENGTH DATA ELEMENTS--GENERAL INFORMATION
fixed length control field 250402s2025 xx a b 000 1 eng d
020 ## - INTERNATIONAL STANDARD BOOK NUMBER
International Standard Book Number 9781250323590
Qualifying information (hardcover)
035 ## - SYSTEM CONTROL NUMBER
System control number (OCoLC)1442732277
040 ## - CATALOGING SOURCE
Original cataloging agency TnLvILS
Language of cataloging eng
Description conventions rda
Transcribing agency TnLvILS
082 04 - DEWEY DECIMAL CLASSIFICATION NUMBER
Classification number [E]
Edition number 23
100 1# - MAIN ENTRY--PERSONAL NAME
Personal name Applegate, Katherine,
Relator term author.
9 (RLIN) 37738
245 10 - TITLE STATEMENT
Title Odder :
Remainder of title an otter's story /
Statement of responsibility, etc Katherine Applegate ; illustrated by Charles Santoso.
264 #1 - Production, Publication, Distribution, Manufacture, and Copyright Notice.
Place of production, publication, distribution, manufacture [Place of publication not identified] :
Name of producer, publisher, distributor, manufacturer Feiwel & Friends,
Date of production, publication, distribution, manufacture, or copyr [2025]
300 ## - PHYSICAL DESCRIPTION
Extent 40 pages :
Other physical details color illustrations ;
Dimensions 26 cm
336 ## - Content Type
Content type term text
337 ## - Media type
Media type term unmediated
338 ## - Carrier type
Carrier type term volume
520 ## - SUMMARY, ETC.
Summary, etc "Odder spends her days playing underwater and learning life lessons from her mother. But when Odder's life takes a dramatic turn, she is rescued by humans. The people are kind, and introduce Odder to other rescues. Soon, it's clear that Odder has a talent for teaching other pups how to otter. Adapted from Katherine Applegate's bestselling novel of the same name (with over 80 weeks on the New York Times Bestseller list!), and inspired by the true story of a program that pairs orphaned otter pups."--Provided by publisher.
588 ## -
-- Description based on publisher data.
-- TnLvILS
650 #0 - SUBJECT ADDED ENTRY--TOPICAL TERM
Topical term or geographic name as entry element Otters
Form subdivision Juvenile fiction.
9 (RLIN) 5691254
650 #0 - SUBJECT ADDED ENTRY--TOPICAL TERM
Topical term or geographic name as entry element Orphans
Form subdivision Juvenile fiction.
9 (RLIN) 5673937
650 #0 - SUBJECT ADDED ENTRY--TOPICAL TERM
Topical term or geographic name as entry element Rescues
Form subdivision Juvenile fiction.
9 (RLIN) 5678368
650 #1 - SUBJECT ADDED ENTRY--TOPICAL TERM
Topical term or geographic name as entry element Otters
Form subdivision Fiction.
9 (RLIN) 5683252
650 #1 - SUBJECT ADDED ENTRY--TOPICAL TERM
Topical term or geographic name as entry element Orphans
Form subdivision Fiction.
9 (RLIN) 5673861
650 #1 - SUBJECT ADDED ENTRY--TOPICAL TERM
Topical term or geographic name as entry element Rescues
Form subdivision Fiction.
9 (RLIN) 5673825
700 1# - ADDED ENTRY--PERSONAL NAME
Personal name Santoso, Charles,
Relator term illustrator.
9 (RLIN) 5902965
Holdings
Withdrawn status Lost status Source of classification or shelving scheme Damaged status Not for loan Collection code Home library Current library Shelving location Date acquired Source of acquisition Total Checkouts Total Renewals Full call number Barcode Date last seen Date checked out Cost, replacement price Price effective from Koha item type
    Dewey Decimal Classification     Children NonFiction Wasatch County Library Wasatch County Library Main Floor Childrens Area 04/29/2025   3 1 E Animals Mammals Applegate 34301002154146 02/23/2026 02/02/2026 18.99 04/29/2025 BOOK
This project was made possible through a grant from the Institute of Museum and Library Service administered by the Utah State Library Division.

Wasatch County Library

  • 465 East 1200 South, Heber City, Utah 84032
  • Phone 435-654-1511 | Fax 435-654-6456

Hours

  • Monday - Friday 9:30 AM - 8:00 PM
  • Saturday 9:30 AM - 1:30 PM
  • Closed Sundays and Holidays